000 01112nam0a22003371 4500
001 v19\rc\1948562
005 20251118180909.6
035 _a(NLR Aleph) 005033727
090 _a6718696
_c6718696
100 _a20080428d1913 u y0rusy50 ca
101 0 _arus
102 _aRU
105 _ay z |||||
200 1 _aМировой суд
_eПракт. коммент. на первую кн. Устава гражд. судопр-ва. (Ст. 29-201)
_fСост. В.Л. Исаченко, сенатор
210 _aСанкт-Петербург
_cтип. М. Меркушева
_d1913
215 _aXX, 884 с.
_d22
700 1 _aИсаченко
_bВ.Л.
_f1839-1915
_gВасилий Лаврентьевич
_4220
801 0 _aRU
_bNLR
_gpsbo
801 0 _aRU
_bRuMoRGB
_2psbo
801 1 _aRU
_bProSoft-M
_2rusmarc
852 _aNLR
_j37.75.4.41
852 _aNLR
_j133/5430
899 _aRuMoRGB
_jF 119/101
899 _aRuMoRGB
_jW 90а/202
899 _aRuMoRGB
_jW 519/499
899 _aБАН
899 _aНБ СПбГУ
899 _aГПИБ
899 _aНБ МГУ
942 _cBOOK
980 _aNB